Cloudová vojna sa začína

Pre koho sú cloudové úložiská určené. Výhody ukladania dát do cloudu. Znižovanie cien ako lákadlo pre používateľov. Ukladanie veľkých objemov, ku ktorým sa nepristupuje často - nearline produkty. Orientačný prehľad cloudových storage služieb.

Na minha lista:
Detalhes bibliográficos
Autor principal: Biel, Marián
Formato: Capítulo de Livro
Idioma:eslovaco
Assuntos:
Tags: Adicionar Tag
Sem tags, seja o primeiro a adicionar uma tag!

MARC

LEADER 00000naa a2200000 4500
001 0200110
005 20231113103044.9
041 0 |a slo 
044 |a SK 
245 1 0 |a Cloudová vojna sa začína  |c Marián Biel 
520 |a Pre koho sú cloudové úložiská určené. Výhody ukladania dát do cloudu. Znižovanie cien ako lákadlo pre používateľov. Ukladanie veľkých objemov, ku ktorým sa nepristupuje často - nearline produkty. Orientačný prehľad cloudových storage služieb. 
610 2 0 |a cloud computing 
610 2 0 |a technológie informačné 
610 2 0 |a technológie komunikačné 
610 2 0 |a firmy 
610 2 0 |a ceny 
100 1 |a Biel, Marián